000 00661nam a22001697a 4500
005 20251108174940.0
008 250721s2008 xx 000 0 ara d
082 1 4 _a956.402/سهل
100 1 _aالسهلي، نبيل محمود
245 1 0 _aالفلسطينيون داخل الخط الأخضر00 :
_bأشجار الصبار في مواجهة سياسة الاحتلال: حقائق ديموغرافية واقتصادية وسياسية /
264 1 _aدمشق :
_bدار صفحات للدراسات والنشر،
_c2008.
300 _a96ص.
650 1 7 _aاسرائيل
650 1 7 _aالفلسطينيون
942 _2ddc
_cBK
999 _c122267
_d122267